Name As Many Films From The 1960s - Statistics

General Stats
  • This quiz has been taken 40 times
  • The average score is 12 of 90
Answer Stats
Directors Or Cast Year Answer % Correct
Alfred Hitchcock 1963 The Birds
65%
Sean Connery 1964 Goldfinger
61%
Terence Young 1962 Dr. No
57%
Sergio Leone 1966 The Good, The Bad, & The Ugly
57%
Walt Disney 1967 The Jungle Book
57%
Stanley Kubrick 1968 2001: A Space Odyssey
48%
David Lean 1962 Lawrence Of Arabia
43%
George Cukor 1964 Mary Poppins
39%
Steve Mcqueen 1963 The Great Escape
39%
Blake Edwards 1963 The Pink Panther
39%
John Wayne 1969 True Grit
39%
George Roy Hill 1969 Butch Cassidy & The Sundance Kid
35%
Robert Wise 1965 The Sound Of Music
35%
Stanley Kubrick 1964 Dr Strangelove
30%
Dennis Hopper 1969 Easy Rider
30%
Peter Yates 1968 Bullitt
26%
Mike Nicohlis 1967 The Graduate
26%
John Sturges 1960 The Magnificent Seven
26%
Arthur Penn 1967 Bonnie & Clyde
22%
John Schelesinger 1969 Midnight Cowboy
22%
Robert Stevenson 1964 My Fair Lady
22%
Carol Reed 1968 Oliver
22%
Sergio Leone 1968 Once Upon A Time In The West
22%
Micheal Powell 1960 Peeping Tom
22%
John Wayne 1960 The Alamo
22%
Robert Wise 1961 West Side Story
22%
Sergio Leone 1965 For A Few Dollars More
17%
William Wyler 1968 Funny Girl
17%
George A. Romero 1968 Night Of The Living Dead
17%
Franklin J Shaffner 1968 Planet Of The Apes
17%
Alfred Hitchcock 1960 Pyscho
17%
Gene Saks 1968 The Odd Couple
17%
Richard Lester 1964 A Hard Day's Night
13%
Blake Edwards 1961 Breakfast At Tiffany's
13%
Walt Disney 1963 The Sword In The Stone
13%
Lewis Gilbert 1966 Alfie
9%
Joseph L Manckiewicz 1963 Cleopatra
9%
Stuart Rosenberg 1967 Cool Hand Luke
9%
Richard Benjamin 1969 Goodbye, Columbus
9%
Stanley Kramer 1967 Guess Who's Coming To Dinner
9%
Lee Marvin 1969 Paint Your Wagon
9%
Johns Mills 1960 Swiss Family Robinson
9%
Jack Lemmon 1965 The Great Race
9%
Tony Richardson 1963 Tom Jones
9%
Melville Shalveston; Lucille Ball 1968 Yours, Mine, & Ours
9%
Walt Disney 1961 101 Dalmations
4%
Fred Zinnemann 1966 A Man For All Season
4%
Paul Mazursky; Natalie Wood 1969 Bob & Carol & Ted & Alice
4%
Otto Preminger 1960 Exodus
4%
Henry Hathaway; John Ford 1963 How The West Was Won
4%
Stanley Kramer 1963 Its A Mad, Mad, Mad, Mad World
4%
Leonard Whiting 1968 Romeo And Juliet
4%
James Stewart 1965 Shenandoah
4%
Robert Stevenson 1965 That Darn Cat
4%
Kurt Russell 1969 The Computer Wore Tennis Shoes
4%
Robert Aldrich 1967 The Dirty Dozen
4%
John Wayne 1968 The Green Berets
4%
J. Lee Thompson 1961 The Guns Of Navarone
4%
Anthony Harvey 1968 The Lion In Winter
4%
Darryl F. Zanuck 1962 The Longest Day
4%
David Swift 1961 The Parent Trap
4%
Mike Nicohlis 1966 Who's Afraid Of Virginia Woolf
4%
Daniel Mann 1960 Butterfield 8
0%
Gene Saks 1969 Cactus Flower
0%
David Lean 1965 Dr Zhigavo
0%
Anthony Mann 1961 El Cid
0%
Terrence Young 1964 From Russia To Love
0%
John Frankenheimer 1966 Grand Prix
0%
Mervyn Leroy 1962 Gypsy
0%
George Roy Hill 1966 Hawaii
0%
Gene Kelly 1969 Hello, Dolly
0%
Robert Mulligan 1962 How To Kill A Mockingbird
0%
Nicholas Ray 1961 King Of Kings
0%
Delbert Mann 1961 Lover Come Back
0%
Robert Mitchum 1964 Man In The Middle
0%
Lewis Milestone 1960 Ocean 11
0%
Don Chaffey 1966 One Million Years BC
0%
Roman Polanski 1968 Rosemary Baby
0%
Stanley Kubrick 1960 Sparctacus
0%
Robert Stevenson 1961 The Absent Minded Professor
0%
Edward Dmytryk 1964 The Carpetbaggers
0%
Morton Da Costa 1962 The Music Man
0%
Robert Wise 1966 The Sand Pebbles
0%
Blake Edwards 1964 The Shot In The Dark
0%
Charles Walters 1964 The Unsinkable Molly Brown
0%
William Holden 1960 The World Of Suzie Wong
0%
Sean Connery 1965 Thunderbolt
0%
Wolf Rilla 1960 Villiage Of The Damned
0%
J Lee Thompson 1964 What A Way To Go
0%
Clive Donner 1965 What's New Pussycat
0%
No matching quizzes found
Score Distribution
Percent of People with Each Score
Percentile by Number Answered
Your Score History
You have not taken this quiz